=LDR 00000nam 2200000 4500 =001 INLIS000000000029492 =005 20130612131725 =008 ***********************************Ind** =035 ##$$0010-061300000029492 =041 ##$$a Ind =082 ##$$a 633.18 =090 ##$$a 633.18, Han m =100 ##$$a Handojo, Forlina Lestari =245 ##$$a Mina-padi, Dra. Forlina Lestari Handojo =260 ##$$a 1989 $b Jakarta =300 ##$$a 35 hlm, 21 cm =650 ##$$a Padi-Ikan Pemeliharaan =850 ##$$a NBPNMAT